Brodie's notes on Samuel Beckettes "Waiting for Godot"

Bewaard in:
Bibliografische gegevens
Hoofdauteur: Currie, W.T
Formaat: Boek
Taal:Undetermined
Gepubliceerd in: Londres, Inglaterra Pan Educational 1978
Onderwerpen:
Tags: Voeg label toe
Geen labels, Wees de eerste die dit record labelt!

MARC

LEADER 00000nam a2200000Ia 4500
008 170316s9999 xx 000 0 und d
090 |a 801 C-37b 
100 |a Currie, W.T. 
245 |a Brodie's notes on Samuel Beckettes "Waiting for Godot" 
260 |a Londres, Inglaterra 
260 |b Pan Educational 
260 |c 1978 
300 |a 48 páginas 
650 |a TEORÍA LITERARIA 
650 |a LITERATURA IRLANDESA-TRAGICOMEDIA 
650 |a BECKETT SAMUEL 
999 |c 20198  |d 20198 
040 |a cru BVZT 
942 |c 15 D  |h 801 C-37b  |2 z